000 00584nam a2200205Ia 4500
005 20250508151008.0
008 008 250505s9999 xx 000 0 eng d
037 _aTextual
040 _aFEDL
_beng
_cFEDL
041 _aeng
_2eng
084 _a157.9, ALE
_qFEDL
100 _aAlexander Franz Ed.
_9758145
245 0 _aDynamic psychiatry
260 _aChicago, USA
_bThe University of Chicago Press
_c1952
300 _axii,578p
650 _aAbnormal psychology
700 _a Ross Helen Ed.
_9758146
942 _cTEXL
_h157.9, ALE
999 _c1326931
_d1326931